000
00341nam a2200145Ia 4500
008
230718s9999 xx 000 0 und d
041
_a
Eng.
082
_a
346.06
_b
ASA-T
100
_a
Asad Mian Umar
245
4
_a
The Companies of Ordinance
260
_a
Pakistan
_b
Manzoor law Book
_c
2011
300
_a
346
650
_a
Law
999
_c
29855
_d
29855